2003, č. 2

Salvato in:
Dettagli Bibliografici
Ente Autore: Medzinárodný seminár Trenčín
Natura: Atti del Convegno Libro
Lingua:slovacco
russo
ceco
Pubblicazione: Trenčín : Trenčianska univerzita Alexandra Dubčeka v Trenčíne, 2003
Soggetti:
Tags: Aggiungi Tag
Nessun Tag, puoi essere il primo ad aggiungerne!!

MARC

LEADER 00000nam a22000003a 4500
001 stu81153
005 20150408161616.1
008 030624s2003----xo------------------slo-d
020 |a 80-88914-90-6 
040 |a STU  |b slo 
041 0 |a slo  |a rus  |a cze 
044 |a xo 
080 |a 658.3 
111 2 |a Medzinárodný seminár  |d (10.-11.6.2003 :  |c Trenčín) 
245 |a 2003, č. 2 
260 |a Trenčín :  |b Trenčianska univerzita Alexandra Dubčeka v Trenčíne,  |c 2003 
300 |a 112 s 
650 7 |a personalistika  |2 stusub 
650 7 |a manažment personálny  |2 stusub 
996 |b 284M058633  |c M*Z-2373  |l MMST  |s P  |a 0  |w stu81153_0001 
996 |b 284M056793  |c M*Z-2224  |l MMKN  |s A  |a 24  |w stu81153_0002